|
|
|
|
| LEADER |
00000cam a2200000 7i4500 |
| 001 |
0000000078 |
| 005 |
20000628.0 |
| 020 |
0 |
0 |
|a 9836242228
|
| 090 |
0 |
0 |
|a 959.5
|b ALA 1997
|
| 245 |
0 |
0 |
|a ALAM pensejarahan : dari pelbagai perspektif
|c penyelenggara Badriyah Haji Salleh dan Tan Liok Ee
|
| 260 |
0 |
0 |
|a Kuala Lumpur :
|b DBP ,
|c 1997
|
| 300 |
|
|
|a xiii, 363 p. ;
|c 22 cm.
|
| 500 |
0 |
0 |
|a Includes index
|
| 650 |
0 |
0 |
|a Historiography
|z Malaysia
|
| 650 |
0 |
0 |
|a Malays
|z Malaysia
|x History
|x Sources
|
| 651 |
0 |
0 |
|a Malaysia
|x History
|x Miscellanea
|
| 700 |
0 |
1 |
|a Badriyah Haji Salleh
|
| 700 |
0 |
1 |
|a Tan
|h Liok Ee
|
| 999 |
|
|
|a 0000001029
|b Monograph
|c Open Shelf
|e Default branch
|